Central Library OPAC University of Rajshahi

Moslem schisms and sects (Al-Fark bain Al-firak ): (Record no. 33015)

MARC details
000 -LEADER
fixed length control field 01139nam a2200277 a 4500
001 - CONTROL NUMBER
control field 33015
003 - CONTROL NUMBER IDENTIFIER
rucl marc code BD-RjUL
005 - DATE AND TIME OF LATEST TRANSACTION
control field 20211209051931.0
008 - FIXED-LENGTH DATA ELEMENTS--GENERAL INFORMATION
fixed length control field 870929m19191935n b 001 0 eng d
035 ## - SYSTEM CONTROL NUMBER
System control number (BD-RjUL)33105
040 ## - CATALOGING SOURCE
Original cataloging agency ORZ
Transcribing agency ORZ
Language of cataloging eng
Modifying agency BD-RjUL
041 1# - LANGUAGE CODE
Language code of text/sound track or separate title eng
Language code of original und
082 ## - DEWEY DECIMAL CLASSIFICATION NUMBER
Classification number 297.8
Author mark and year ALM Pt-1-2 1919-1935
100 1# - MAIN ENTRY--PERSONAL NAME
Personal name Al-Baghdadi, Abu-Mansur Abd-al-Kahir ibn Tahir
Dates associated with a name d. 1037.
9 (RLIN) 100335
245 10 - TITLE STATEMENT
Title Moslem schisms and sects (Al-Fark bain Al-firak ):
Remainder of title being the history of the various philosophic systems developed in Islam /
Statement of responsibility, etc. by Abu-Mansur Abd-al-Kahir ibn Tahir al-Baghdadi ; translated from the Arabic with introduction and notes by Abraham S. Halkin.
260 ## - PUBLICATION, DISTRIBUTION, ETC. (IMPRINT)
Place of publication, distribution, etc. Tel Aviv :
Name of publisher, distributor, etc. Palestine Pub. Co.,
Date of publication, distribution, etc. 1935.
300 ## - PHYSICAL DESCRIPTION
Pagination Pt. ;
Size 25 cm.
500 ## - GENERAL NOTE
General note The translator's thesis (Ph. D.)--Columbia University, 1935.
General note Includes bibliographical references (p. 231-239) and index.
505 0# - FORMATTED CONTENTS NOTE
Formatted contents note Pt.-2 --
650 #0 - SUBJECT ADDED ENTRY--TOPICAL TERM
Topical term or geographic name as entry element Islam
9 (RLIN) 100337
Topical term or geographic name as entry element Islamic sects
Form subdivision Early works to 1800.
9 (RLIN) 100338
700 1# - ADDED ENTRY--PERSONAL NAME
Personal name Halkin, Abraham S.,
Dates associated with a name 1903- , tr.
942 ## - ADDED ENTRY ELEMENTS (KOHA)
Source of classification or shelving scheme Dewey Decimal Classification
Koha item type Books
Holdings
Lost status Source of classification or shelving scheme Damaged status Not for loan Collection code Permanent Location Current Location Shelving location Date acquired Source of acquisition Cost, normal purchase price Total Checkouts Full call number Date last seen Copy number Koha item type
  Dewey Decimal Classification   Not For Loan Non-fiction Central Library, University of Rajshahi Central Library, University of Rajshahi   17/11/1956 Allies book cor. 8.60   297.8 ALM Pt-2 1935 29/04/2014 C-2 Books
  Dewey Decimal Classification   Not For Loan Rare Books Central Library, University of Rajshahi Central Library, University of Rajshahi Rare Book Section 01/06/1957 Pub. United ltd. 3.00   RA 297.8 ALM Pt-2 1935 20/10/2018 C-1 Rare Books
  Dewey Decimal Classification     Non-fiction Central Library, University of Rajshahi Central Library, University of Rajshahi   20/10/2018       297.8 ALM Pt-2 1935 20/10/2018 C-3 Books